| 000 | 01271nmc a2200409 a 4500 | ||
|---|---|---|---|
| 003 | AR-BaBNM | ||
| 005 | 20251128203047.0 | ||
| 008 | 011101s1963 ||||||||||||||000 | spa|| | ||
| 040 | _cAR-BaBNM | ||
| 100 | 1 | _aMattos, Luiz Alves de | |
| 245 | 1 | 0 | _aCompendio de didáctica general |
| 250 | _a1ª ed. | ||
| 260 |
_aBuenos Aires _bEditorial Kapelusz _c1963 |
||
| 300 | 1 |
_axvii, 413 p. _bil., gráfs., tablas |
|
| 490 | 0 | _aBiblioteca de cultura pedagógica | |
| 500 | 0 | _aTraducción de Francisco Campos | |
| 500 | 0 | _aPrólogo a la 1 y 3a ed. brasileña por el autor | |
| 504 | _aContiene bibliografía al final de cada capítulo y biliografía general | ||
| 650 | 4 | _aPEDAGOGIA | |
| 650 | 4 | _aAPRENDIZAJE | |
| 650 | 4 | _aFINALIDADES DE LA EDUCACION | |
| 650 | 4 | _aOBJETIVOS EDUCACIONALES | |
| 650 | 4 | _aPLANES EDUCACIONALES | |
| 650 | 4 | _aUNIDADES DE ENSENANZA | |
| 650 | 4 | _aPLANES DE CLASE | |
| 650 | 4 | _aMOTIVACION DEL ALUMNO | |
| 650 | 4 | _aCONTENIDO DEL PROGRAMA | |
| 650 | 4 | _aEDUCACION EXTRAESCOLAR | |
| 650 | 4 | _aDISCIPLINA | |
| 650 | 4 | _aPROBLEMAS DISCIPLINARIOS | |
| 650 | 4 | _aDIAGNOSTICO EDUCACIONAL | |
| 650 | 4 | _aEVALUACION DEL ALUMNO | |
| 653 | 0 | _aMETODOS EDUCATIVOS | |
| 653 | 0 | _aORIENTACION EDUCATIVA | |
| 942 | _cBK | ||
| 998 | _cCarmen | ||
| 999 |
_c1711 _d1711 |
||